| 000 | 01679nam1a22002531i 4500 | ||
|---|---|---|---|
| 001 | rc\3022681 | ||
| 005 | 20240726021432.0 | ||
| 035 | _a(NLR Aleph) 007164529 | ||
| 090 |
_a7283055 _c7283055 |
||
| 100 | _a20110928d1935 |||y0rusy50 ca | ||
| 101 | 0 | _arus | |
| 102 | _aRU | ||
| 105 | _ay j ||||| | ||
| 200 | 1 |
_aМетодическое руководство районуполномоченным Комзаг СНК СССР для заочной проработки курса "Зерноведение" по учебнику профессора Н.С. Суворова _eЧ. 1- _fКом. по заготовкам с.-х. продуктов при СНК СССР. Упр. кадров |
|
| 210 |
_aМосква _cБ. и. _d1935 _gтип. изд-ва "Крестьян. газ." |
||
| 215 | _d21×15 см | ||
| 300 | _aНа обл. загл.: "Методическое руководство для заочной проработки курса "Зерноведение" профессора Н.С. Суворова" | ||
| 422 | 0 |
_12001#$aЗерноведение _1700#1$aСуворов$bН. С.$gНиколай Сергеевич$4070 _tЗерноведение _aСуворов, Николай Сергеевич |
|
| 512 | 0 | 0 | _aМетодическое руководство для заочной проработки курса "Зерноведение" профессора Н.С. Суворова |
| 712 | 0 | 1 |
_aСССР _bКомитет по заготовкам сельскохозяйственных продуктов _bУправление кадров _4570 |
| 801 | 0 |
_aRU _bNLR _gpsbo |
|
| 801 | 1 |
_aRU _bELAR _2rusmarc |
|
| 852 |
_aNLR _j35-17/142(1) |
||
| 942 | _cBOOK | ||